• 首页
  • 本馆介绍
  • 公告通知
  • 最新文献
  • 馆藏检索
  • 电子资源
  • 读者荐购
  • 参考咨询
  • CALIS
  • 我的图书馆
  • 登录
  • 详细信息显示
  • 放入我的书架
  • 预约/预借图书
  • 作者相关作品
  • 分类相关作品
  • 丛书相关作品
  • 出版社相关作品

书目信息

  • 表格格式
  • 工作单格式
  • 卡片格式
题名:
鲁迅北京交游研究
    
 
作者: 陈洁 著
分册:  
出版信息: 北京   北京大学出版社  2024.08
页数: 252页
开本: 24cm
丛书名:
单 册:
中图分类: I210
科图分类:
主题词: 鲁迅研究
电子资源:
ISBN: 978-7-301-35150-5
 
 
 
 
 
000 00924nam0 2200241 450
001 012739389
005 20251022111107.41
010    @a978-7-301-35150-5@dCNY79.00
100    @a20240920d2024 em y0chiy0120 ea
101 0  @achi
102    @aCN@b110000
105    @aahk z 000yy
106    @ar
200 1  @a鲁迅北京交游研究@9lu xun bei jing jiao you yan jiu@f陈洁著
210    @a北京@c北京大学出版社@d2024.08
215    @a252页@c图,摹真@d24cm
300    @a国家社科基金后期资助项目
330    @a本书从城市空间的角度,论述了北京城市空间的政治性对鲁迅思想和创作的影响,将鲁迅在北京城与不同个体或群体的各种交游相互关联起来,形成网络结构,呈现出一条鲁迅从教育部官员到新文化人,再到高校教师、深受青年敬仰的思想家和文学家的清晰的发展脉络,产生对鲁迅文学与思想的新认识。
606 0  @a鲁迅研究
690    @aI210@v5
701  0 @a陈洁@9chen jie@4著
801  0 @aCN@c20250911
905    @a河南城建学院图书馆@dI210@eC461@ZC461@f1
    
    鲁迅北京交游研究/陈洁著.-北京:北京大学出版社,2024.08
    252页:图,摹真;24cm
    国家社科基金后期资助项目
    
    ISBN 978-7-301-35150-5:CNY79.00
    本书从城市空间的角度,论述了北京城市空间的政治性对鲁迅思想和创作的影响,将鲁迅在北京城与不同个体或群体的各种交游相互关联起来,形成网络结构,呈现出一条鲁迅从教育部官员到新文化人,再到高校教师、深受青年敬仰的思想家和文学家的清晰的发展脉络,产生对鲁迅文学与思想的新认识。
●
相关链接 在E读中查询图书 在当当中查询图书 在豆瓣中查询图书


正题名:鲁迅北京交游研究     索取号:I210/C461         预约/预借

序号 登录号 条形码 馆藏地/架位号 状态 备注
1 1635569   216355691   文学库108/108文学库 12排3列1层/ [索取号:I210/C461] 在馆    
河南城建学院图书馆 欢迎您!
大连网信软件有限公司© 版权所有